Carregando...

Nahi koye anth

Detalhes bibliográficos
Autor principal: Prathap Sahagal
Publicado em: Kithabghar Prakashan
LEADER 00192 a2200097 4500
020
260 |b Kithabghar Prakashan 
942 |c BK  |6 _ 
245 |a Nahi koye anth 
100 |a Prathap Sahagal 
999 |c 63178  |d 63178